00710nam a22002057a 450000500170000000800410001702000150005804000410007304100080011410000170012224501040013924600700024326000530031330000210036665000160038765000110040365000190041470000420043370000290047520241011071804.0241011t ||||| |||| 00| 0 spa d a9850461635 aCO-BoUCMcDavid MorenodDavid Moreno aspa1 aEmmett, Rita1 aNo dejes para mañana lo que puedas hacer hoybdomina el arte de hacer las cosas ya cRita Emmett  aThe procrastinator's handbook bmastering the art of doing it now aBogotá, Colombia bGrupo Editorial Normac2001 axv, 248 Paginas 14aAutocontrol14aTiempo14aUso del tiempo1 aHolguín, Magdalenad1950etraductor1 aDelgado, Adrianaeeditor